Personnages Harry Potter - N - Statistiques

Statistiques générales
  • Ce quiz a été pris 509 fois
  • Le résultat moyen est 4 sur 8
Statistiques - réponses
Non Personnages % Correct
3 Neville Londubat
73%
8 Nymphadora Tonks
57%
1 Nagini
50%
2 Narcissa Malefoy
50%
6 Norbert
45%
7 Norbert Dragonneau
45%
4 Nick Quasi-Sans-Tête
34%
5 Nicolas Flamel
29%
Aucun quiz correspondant
Distribution des résultats
% des personnes avec chaque résultat
Percentile par nombre de réponses
Votre historique - résultats
Vous n’avez pas pris ce quiz